000 00359nam a2200145Ia 4500
008 231129s1996||||xx |||||||||||||| ||spa||
020 _a958-04-1265-0
040 _bspa
082 _a(i) 808.068543 S443e
100 _aSebestyen Ouida
245 0 _aEncerrada
260 _c1996
264 _aNorma
942 _2ddc
_cBKS
999 _c12925
_d12925